Sports Quiz

Random Sports or Soccer Quiz

Nation and Number: Man City Quiz Stats

 Plays Quiz not verified by Sporcle

Challenge
Share
Tweet
Score 0/14 Timer 10:00
0 Plays Today
% Correct
Joe Hart
98.2%
Edin Džeko
95.5%
Vincent Kompany
95.5%
Yaya Toure
95.5%
David Silva
93.6%
Pablo Zabaleta
91.8%
Fernandinho
91.8%
% Correct
Bacary Sagna
91.8%
Jesus Navas
90.9%
Micah Richards
90.9%
Martin Demichelis
90.9%
Aleksandar Kolarov
90%
Eliaquim Mangala
89.1%
Stevan Jovetić
89.1%

You're not logged in!

Compare scores with friends on all Sporcle quizzes.
Join for Free
OR
Log In

You Might Also Like...

Show Comments

Extras

Top Quizzes Today


Score Distribution

Your Account Isn't Verified!

In order to create a playlist on Sporcle, you need to verify the email address you used during registration. Go to your Sporcle Settings to finish the process.

Report this User

Report this user for behavior that violates our Community Guidelines.

Details: